000 00186 a2200097 4500
001 41938
100 _aMcGraw-Hill
245 _aCricket
260 _a
_bBurke
_c
090 _c26000
_d26000
942 _aNUST-CAE
_cM
_c17782
999 _c277011
_d277011